Harry Potter: la Branchiflore - Statistiques

Statistiques générales
  • Ce quiz a été pris 89 fois
  • Le résultat moyen est 5 sur 6
Statistiques - réponses
Information Réponses % Correct
Première apparition Harry Potter et la Coupe de Feu
99%
Dernière apparition Harry Potter et la Coupe de Feu
99%
Utilisation Respirer sous l'eau temporairement
99%
"Informateur" de Harry pour en utiliser (film) Neville Londubat
96%
"Informateur" de Harry pour en utiliser (livre) Dobby
70%
Livre dans lequel elle apparait Propriétés des plantes aquatiques du bassin méditerranéen
17%
Aucun quiz correspondant
Distribution des résultats
% des personnes avec chaque résultat
Percentile par nombre de réponses
Votre historique - résultats
Vous n’avez pas pris ce quiz